000 00283nas a22001097a 4500
999 _c121234
_d121234
007 ta
008 180320b ||||| |||| 00| 0 eng d
041 _aeng
100 _aWaite, RIchard
245 _aCoronavirus survey:
_bProfession shifts to home-working
651 _aUnited Kingdom 1973